A gallery of New Testament rogues: (Record no. 5133)

000 -LEADER
fixed length control field 00683nam a2200217 a 4500
001 - CONTROL NUMBER
control field :::00002874$&:&@@
003 - CONTROL NUMBER IDENTIFIER
control field OkBaRHE
005 - DATE AND TIME OF LATEST TRANSACTION
control field 20000607103257.0
008 - FIXED-LENGTH DATA ELEMENTS--GENERAL INFORMATION
fixed length control field s1979 j 000 0 eng u
020 ## - INTERNATIONAL STANDARD BOOK NUMBER
International Standard Book Number 0664242278
040 ## - CATALOGING SOURCE
Transcribing agency
100 1# - MAIN ENTRY--PERSONAL NAME
Personal name Bodo, John R.
245 12 - TITLE STATEMENT
Title A gallery of New Testament rogues:
Remainder of title from Herod to Satan
250 ## - EDITION STATEMENT
Edition statement 1st ed.
260 ## - PUBLICATION, DISTRIBUTION, ETC. (IMPRINT)
Place of publication, distribution, etc Philadelphia, PA., :
Name of publisher, distributor, etc Westminster Press
Date of publication, distribution, etc c1979
300 ## - PHYSICAL DESCRIPTION
Extent 151 p. ;
Dimensions 19 cm.
650 ## - SUBJECT ADDED ENTRY--TOPICAL TERM
Topical term or geographic name as entry element Bible New Testament
General subdivision Biography
650 ## - SUBJECT ADDED ENTRY--TOPICAL TERM
Topical term or geographic name as entry element Rogues and Vagabonds
General subdivision Biography
942 ## - ADDED ENTRY ELEMENTS (KOHA)
Source of classification or shelving scheme
Koha item type Books
Copies
Not for loan Copy number Date acquired Withdrawn status Koha item type Barcode Full call number Damaged status Date last seen Price effective from Source of classification or shelving scheme Lost status Permanent Location Shelving location
 12010-04-14 Books2874BS 2448 .R63B63 2018-03-162010-04-14  RHEMA Bible Training CollegeGeneral Stacks